000 01419nam0a2200361 4500
001 RU\NLR\bibl\389807
005 20260408193937.0
010 _a5-318-00689-2
_93000
021 _aRU
_b2003-17171
_9790
035 _a(NLR Aleph) 000384118
090 _a474249
_c474249
100 _a20030415d2003 u y0rusy50 ca
101 1 _arus
_ceng
102 _aRU
105 _ay |||||||||
200 1 _aКогнитивная терапия депрессии
_fА. Бек, А. Раш, Б. Шо, Г. Эмери
_g[Пер. с англ. А. Татлыбаева]
210 _aСПб. и др.
_cПитер
_d2003
215 _a298 с.
_d26
225 1 _aСерия Золотой фонд психотерапии
300 _aЗагл. и авт. ориг.: Cognitive Therapy of Depression / A.T. Beck, A.J. Rush, B.F. Shaw, G. Emery
320 _aБиблиогр.: с. 292-298
454 0 _12001#$aCognitive Therapy of Depression$fA.T. Beck, A.J. Rush, B.F. Shaw, G. Emery
_tCognitive Therapy of Depression
606 _aДепрессия (психиатр.)
_xКогнитивная терапия
_3RU\NLR\auth\661347448
_92246019
686 _aР64-323.13-57
701 1 _aБек
_bА.
_4070
701 1 _aРаш
_bА.
_4070
701 1 _aШо
_bБ.
_4070
701 1 _aЭмери
_bГ.
_4070
801 0 _aRU
_bNLR
_c20030415
_gPSBO
801 1 _aRU
_bNLR
_c20030415
942 _cBOOK
980 _aNB